000 00543nmm a2200181Ia 4500
008 251105s9999||||xx |||||||||||||||||und||
020 _a9788431531188
041 _aspa
100 _aPadrini, Francesco
245 0 _aCromoterapia
264 _a[Madrid, España] :
_bDe Vecchi,
_c[Fecha de publicación no identificada]
300 _a0 páginas
650 _aMind, body and spirituality
700 _aPadrini, Francesco
700 1 _a Lucheroni, María Teresa
856 _uhttps://public.digitaliapublishing.com/a/122805
942 _cCF
999 _c69659
_d69659